La inteligencia emocional en la empresa
Uloženo v:
| Hlavní autor: | |
|---|---|
| Médium: | Kniha |
| Jazyk: | španělština |
| Vydáno: |
Buenos Aires
Javier Vergara
1999
|
| Témata: | |
| Tagy: |
Přidat tag
Žádné tagy, Buďte první, kdo vytvoří štítek k tomuto záznamu!
|
MARC
| LEADER | 00000nam a2200000 a 4500 | ||
|---|---|---|---|
| 001 | UCP3262 | ||
| 003 | CL-VaPUC | ||
| 008 | 990618e19990000AG |||||||||||||||||spa|d | ||
| 082 | 0 | 4 | |a 658.314 |b GOL |2 21 |
| 100 | |a Goleman, Daniel |e author |9 615276 | ||
| 245 | 1 | 3 | |a La inteligencia emocional en la empresa |
| 300 | |a 460 p | ||
| 942 | |c BK | ||
| 945 | |d 19990618 00:00:00 |a rbrito | ||
| 260 | |a Buenos Aires |b Javier Vergara |c 1999 | ||
| 650 | 0 | |a Inteligencia emocional |9 430453 | |
| 650 | 7 | |a PSICOLOGIA LABORAL |2 CL-VaPUC |9 430454 | |
| 650 | 0 | |a Autocontrol |9 395908 | |
| 650 | 0 | |a Trabajo |9 313876 | |
| 650 | 0 | |a Aspectos psicológicos |9 258128 | |
| 583 | |a last modification |c 19990618 00:00:00 |k Rodrigo Vera | ||
| 999 | |c 281636 |d 281634 | ||
| 952 | |0 0 |1 0 |4 0 |6 658_314000000000000_GOL_1999 |7 0 |8 A |9 322533 |a BIBENE |b BIBENE |d 2019-11-20 |i 3522474 |l 2 |o 658.314 GOL 1999 |p 3522474 |r 2025-01-15 |s 2024-08-23 |w 2019-11-20 |y BK |k ICO | ||
| 952 | |0 0 |1 0 |4 0 |6 658_314000000000000_GOL_1999 |7 0 |8 A |9 322534 |a BIBENE |b BIBENE |d 2019-11-20 |i 3536769 |o 658.314 GOL 1999 |p 3536769 |r 2025-01-15 |w 2019-11-20 |y BK |k ICO | ||
| 952 | |0 0 |1 0 |4 0 |6 658_314000000000000_GOL_1999 |7 0 |8 A |9 322535 |a BIBMAT |b BIBMAT |c E_DIDACT |d 2019-11-20 |i 4289862 |o 658.314 GOL 1999 |p 4289862 |r 2025-01-07 |w 2019-11-20 |y BK |k MAT | ||